000 01403nam a2200337Ia 4500
001 ebr10729690
003 CaPaEBR
006 m o u
007 cr cn|||||||||
008 120402s2012 nyua sb 001 0 eng d
010 _z 2012936702
020 _z9781620815526 (hardcover)
020 _z9781620816264 (ebook)
040 _aCaPaEBR
_cCaPaEBR
035 _a(OCoLC)857082556
050 1 4 _aRC862.I77
_bE42 2012eb
082 0 4 _a616.3/42
_223
100 1 _aEl-Salhy, Magdy.
245 1 0 _aIrritable bowel syndrome
_h[electronic resource] :
_bdiagnosis, pathogenesis, and treatment options /
_cMagdy El-Salhy ... [et al.].
260 _aNew York :
_bNova Science Publishers,
_cc2012.
300 _ax, 148 p. :
_bill. (chiefly col.)
490 1 _aDigestive diseases--research and clinical developments
504 _aIncludes bibliograpical references and index.
533 _aElectronic reproduction.
_bPalo Alto, Calif. :
_cebrary,
_d2013.
_nAvailable via World Wide Web.
_nAccess may be limited to ebrary affiliated libraries.
650 0 _aIrritable colon.
650 0 _aColon (Anatomy)
_xDiseases.
655 7 _aElectronic books.
_2local
710 2 _aebrary, Inc.
830 0 _aDigestive diseases--research and clinical developments series.
856 4 0 _uhttp://site.ebrary.com/lib/rucke/Doc?id=10729690
_zAn electronic book accessible through the World Wide Web; click to view
999 _c152118
_d152118